[Event "Niedersachsen-ch U18"]
[Site "Rotenburg/Wuemme"]
[Date "2006.04.13"]
[Round "8"]
[White "Albers, Michael"]
[Black "Holloway, Timo"]
[Result "1/2-1/2"]
[WhiteElo "2002"]
[BlackElo "2012"]
[PlyCount "60"]
[EventDate "2006.04.08"]
[EventType "swiss"]
[EventRounds "9"]
[EventCountry "GER"]
[SourceTitle "EXT 2007"]
[Source "ChessBase"]
[SourceDate "2006.11.23"]
[SourceVersion "1"]
[SourceVersionDate "2006.11.23"]
[SourceQuality "1"]

1. e4 c5 2. Nf3 Nc6 3. d4 cxd4 4. Nxd4 g6 5. c4 Nf6 6. Nc3 d6 7. Be2 Nxd4 8. Qxd4 Bg7 9. Be3 0-0 10. Qd2 Be6 11. Rc1 Qa5 12. 0-0 Rfc8 13. b3 a6 14. Nd5 Qxd2 15. Nxf6+ Bxf6 16. Bxd2 b5 17. cxb5 axb5 18. Rxc8+ Rxc8 19. Rc1 Rxc1+ 20. Bxc1 Bd7 21. Bd2 Kf8 22. Kf1 Ke8 23. Bd3 Kd8 24. Ke2 Kc7 25. Ke3 Kb6 26. Bb4 Bb2 27. h3 Bc1+ 28. Ke2 Bb2 29. Ke3 Bc1+ 30. Ke2 Bb2 1/2-1/2

[Event "Nord West Cup 08th"]
[Site "Bad Zwischenahn"]
[Date "2006.02.02"]
[Round "1"]
[White "Albers, Michael"]
[Black "Meijers, Viesturs"]
[Result "0-1"]
[WhiteElo "2009"]
[BlackElo "2529"]
[PlyCount "90"]
[EventDate "2006.02.02"]
[EventType "swiss"]
[EventRounds "7"]
[EventCountry "GER"]
[SourceTitle "EXT 2007"]
[Source "ChessBase"]
[SourceDate "2006.11.23"]
[SourceVersion "1"]
[SourceVersionDate "2006.11.23"]
[SourceQuality "1"]

1. e4 c5 2. Nf3 e6 3. d4 cxd4 4. Nxd4 a6 5. c4 Qc7 6. Be2 Nf6 7. Qc2 Qe5 8. Be3 Qxe4 9. Qxe4 Nxe4 10. 0-0 Nf6 11. Nc3 d6 12. Bf3 Nbd7 13. Rfd1 Ne5 14. Be2 Bd7 15. Rac1 Be7 16. b3 Rc8 17. Bd2 0-0 18. Nc2 Rfd8 19. Bf4 h6 20. Ne3 Ne8 21. Bxe5 dxe5 22. Bf3 Rc7 23. Rd3 f5 24. Be2 e4 25. Rdd1 Nf6 26. Bf1 Rdc8 27. Ne2 Ba3 28. Rb1 Bf8 29. g3 g5 30. a4 h5 31. Ng2 e5 32. Nc3 Bc5 33. Ne3 Be6 34. Ncd5 Nxd5 35. cxd5 Bxe3 36. fxe3 Bf7 37. Bh3 g4 38. Bf1 Rc3 39. Kf2 R3c5 40. d6 Rd8 41. h4 Rc6 42. d7 Rc7 43. Rd6 Rdxd7 44. Rf6 Kg7 45. Rb6 Rc2+ 0-1

[Event "Lueneburg distr-chB"]
[Site "Buxtehude"]
[Date "2005.10.19"]
[Round "7"]
[White "Schmidt, Stephan"]
[Black "Albers, Michael"]
[Result "0-1"]
[WhiteElo "1880"]
[BlackElo "1917"]
[PlyCount "48"]
[EventDate "2005.10.15"]
[EventType "swiss"]
[EventRounds "9"]
[EventCountry "GER"]
[SourceTitle "EXT 2008"]
[Source "ChessBase"]
[SourceDate "2007.11.25"]
[SourceVersion "1"]
[SourceVersionDate "2007.11.25"]
[SourceQuality "1"]

1. e4 c5 2. Nc3 Nc6 3. g3 d6 4. Bg2 g6 5. d3 Bg7 6. Be3 e5 7. Qd2 Rb8 8. Nd5 Be6 9. c3 b5 10. Ne2 Bxd5 11. exd5 Nce7 12. f4 exf4 13. Nxf4 Nf6 14. h4 Nf5 15. 0-0-0 Ng4 16. Bf2 0-0 17. Be4 b4 18. c4 Nxf2 19. Qxf2 Nd4 20. g4 Qa5 21. Kb1 b3 22. a3 Nc2 23. Kc1 Nxa3 24. bxa3 Qxa3+ 0-1

[Event "Lueneburg distr-chB"]
[Site "Buxtehude"]
[Date "2005.10.17"]
[Round "3"]
[White "Albers, Michael"]
[Black "Heitmann, Timo"]
[Result "1-0"]
[WhiteElo "1917"]
[BlackElo "1760"]
[PlyCount "79"]
[EventDate "2005.10.15"]
[EventType "swiss"]
[EventRounds "9"]
[EventCountry "GER"]
[SourceTitle "EXT 2008"]
[Source "ChessBase"]
[SourceDate "2007.11.25"]
[SourceVersion "1"]
[SourceVersionDate "2007.11.25"]
[SourceQuality "1"]

1. e4 e5 2. Nf3 Nc6 3. Bc4 Bc5 4. c3 Nf6 5. d3 d6 6. 0-0 0-0 7. Nbd2 a6 8. Bb3 h6 9. h3 Ne7 10. Re1 Ng6 11. Nf1 Re8 12. Ng3 Bd7 13. Bd2 Qc8 14. d4 Ba7 15. Qe2 Nf4 16. Qf1 Ng6 17. Rac1 exd4 18. cxd4 Bb5 19. Bc4 Bd7 20. Qd3 b5 21. Bb3 Nf8 22. e5 dxe5 23. dxe5 N6h7 24. Bc2 Qb7 25. Ne4 Rad8 26. Qe2 Ne6 27. Be3 Bxe3 28. Qxe3 Nhf8 29. Bb1 Ng6 30. Nc5 Nxc5 31. Rxc5 Nf8 32. Rec1 Ne6 33. R5c3 g6 34. Qxh6 Rc8 35. Ng5 Nxg5 36. Qxg5 Qb6 37. h4 Kf8 38. h5 Re6 39. hxg6 fxg6 40. Rf3+ 1-0

[Event "Lueneburg distr-chB"]
[Site "Buxtehude"]
[Date "2005.10.15"]
[Round "1"]
[White "Albers, Michael"]
[Black "Huve, Michael"]
[Result "1-0"]
[WhiteElo "1917"]
[BlackElo "1772"]
[PlyCount "55"]
[EventDate "2005.10.15"]
[EventType "swiss"]
[EventRounds "9"]
[EventCountry "GER"]
[SourceTitle "EXT 2008"]
[Source "ChessBase"]
[SourceDate "2007.11.25"]
[SourceVersion "1"]
[SourceVersionDate "2007.11.25"]
[SourceQuality "1"]

1. e4 c5 2. Nf3 d6 3. d4 cxd4 4. Nxd4 Nf6 5. Nc3 g6 6. f3 Bg7 7. Be3 Nc6 8. Qd2 0-0 9. Bc4 Nxd4 10. Bxd4 Bd7 11. Bb3 b5 12. Nd5 Ne8 13. 0-0-0 e6 14. Bxg7 Kxg7 15. Ne3 a5 16. c3 Rc8 17. Kb1 Qc7 18. Rc1 a4 19. Bd1 Qa5 20. a3 Qb6 21. g4 Nf6 22. h4 h5 23. e5 dxe5 24. gxh5 Bc6 25. hxg6 Rcd8 26. Qf2 Nd5 27. Re1 Nf4 28. Nf5+ 1-0

[Event "Niedersachsen-ch U18"]
[Site "Rotenburg/Wuemme"]
[Date "2005.03.22"]
[Round "5"]
[White "Nuesken, Nikolas"]
[Black "Albers, Michael"]
[Result "1/2-1/2"]
[WhiteElo "2237"]
[BlackElo "2040"]
[PlyCount "82"]
[EventDate "2005.03.19"]
[EventType "swiss"]
[EventRounds "9"]
[EventCountry "GER"]
[SourceTitle "EXT 2007"]
[Source "ChessBase"]
[SourceDate "2006.11.23"]
[SourceVersion "1"]
[SourceVersionDate "2006.11.23"]
[SourceQuality "1"]

1. d4 Nf6 2. Bg5 d5 3. Bxf6 exf6 4. e3 Be6 5. g3 c6 6. Bg2 f5 7. Ne2 g6 8. Nd2 Bg7 9. 0-0 0-0 10. b3 Nd7 11. c4 Nf6 12. c5 Ne4 13. Qc2 Qd7 14. Rfc1 Rfc8 15. a4 b6 16. b4 bxc5 17. bxc5 Rcb8 18. Rcb1 Qc7 19. Bf1 Bc8 20. Nc1 Bf6 21. Rb3 Nxd2 22. Qxd2 Rxb3 23. Nxb3 Rb8 24. Qc3 Bd8 25. Rb1 a5 26. Nd2 Rxb1 27. Nxb1 Qa7 28. Qb3 Qb7 29. Nd2 Qxb3 30. Nxb3 Bb7 31. Bd3 Kg7 32. f3 Bc8 33. Kf2 Be6 34. Ba6 Bc7 35. Bb7 Bd7 36. Nd2 Kf6 37. e4 fxe4 38. fxe4 Be6 39. Ke3 h6 40. Ba6 dxe4 41. Nxe4+ Ke7 1/2-1/2

[Event "Niedersachsen-ch U16"]
[Site "Borkum"]
[Date "2004.04.09"]
[Round "9"]
[White "Barrmeyer, Konstantin"]
[Black "Albers, Michael"]
[Result "1/2-1/2"]
[WhiteElo "1628"]
[BlackElo "1760"]
[PlyCount "49"]
[EventDate "2004.04.??"]
[EventType "swiss"]
[EventRounds "9"]
[EventCountry "GER"]
[SourceTitle "EXT 2005"]
[Source "ChessBase"]
[SourceDate "2004.11.15"]
[SourceVersion "1"]
[SourceVersionDate "2004.11.15"]
[SourceQuality "1"]

1. d4 d5 2. c4 e6 3. Nc3 Be7 4. Nf3 Nf6 5. Bg5 0-0 6. e3 h6 7. Bxf6 Bxf6 8. cxd5 exd5 9. Bd3 Re8 10. 0-0 c6 11. Qc2 Bg4 12. Nd2 Nd7 13. h3 Be6 14. b4 Rc8 15. Na4 b6 16. Rac1 Qe7 17. Ba6 Rc7 18. Qc3 Nb8 19. Bd3 Rec8 20. Nb3 Bd7 21. Nb2 c5 22. bxc5 bxc5 23. Bb1 g6 24. Qd2 c4 25. Nc5 1/2-1/2

[Event "Niedersachsen-ch U16"]
[Site "Borkum"]
[Date "2004.04.07"]
[Round "7"]
[White "Albers, Michael"]
[Black "Schulze, Dorothee"]
[Result "1-0"]
[WhiteElo "1760"]
[BlackElo "1793"]
[PlyCount "63"]
[EventDate "2004.04.??"]
[EventType "swiss"]
[EventRounds "9"]
[EventCountry "GER"]
[SourceTitle "EXT 2005"]
[Source "ChessBase"]
[SourceDate "2004.11.15"]
[SourceVersion "1"]
[SourceVersionDate "2004.11.15"]
[SourceQuality "1"]

1. e4 c5 2. Nf3 d6 3. d4 cxd4 4. Nxd4 Nf6 5. Nc3 Nc6 6. Bg5 e6 7. f4 Be7 8. Qd2 0-0 9. Ndb5 Ne8 10. Bxe7 Qxe7 11. 0-0-0 a6 12. Nxd6 b5 13. e5 Nc7 14. Nxc8 Rfxc8 15. Qd6 Qe8 16. Qd7 b4 17. Qxe8+ Rxe8 18. Ne4 Nd5 19. b3 Rec8 20. Nd6 Rc7 21. Bd3 a5 22. Be4 Nce7 23. f5 Ra6 24. fxe6 fxe6 25. Rd3 a4 26. Rf3 g6 27. Rhf1 Nc6 28. Ne8 h5 29. Nxc7 Nxe5 30. Rf8+ Kh7 31. Nxa6 Nd3+ 32. Bxd3 1-0

[Event "GER-chT U16"]
[Site "Verden"]
[Date "2003.07.07"]
[Round "5.2"]
[White "Albers, Michael"]
[Black "Schmidt, Heinrich"]
[Result "1-0"]
[WhiteElo "1651"]
[BlackElo "1404"]
[PlyCount "115"]
[EventDate "2003.07.05"]
[EventType "team"]
[EventRounds "7"]
[EventCountry "GER"]
[SourceTitle "EXT 2005"]
[Source "ChessBase"]
[SourceDate "2004.11.15"]
[SourceVersion "1"]
[SourceVersionDate "2004.11.15"]
[SourceQuality "1"]

1. e4 c5 2. Nf3 Nc6 3. d4 cxd4 4. Nxd4 Nf6 5. Nc3 e5 6. Ndb5 d6 7. Bg5 a6 8. Na3 b5 9. Bxf6 gxf6 10. Nd5 f5 11. exf5 Bxf5 12. Qf3 Nd4 13. Nc7+ Kd7 14. Qxa8 Qxa8 15. Nxa8 b4 16. Nb6+ Kc6 17. Nbc4 bxa3 18. Nxa3 d5 19. Rc1 Bxa3 20. bxa3 Nxc2+ 21. Kd2 Kb6 22. Rxc2 Bxc2 23. Kxc2 Rc8+ 24. Kb2 e4 25. Be2 f5 26. Rd1 Rc5 27. Rc1 Rxc1 28. Kxc1 a5 29. f4 d4 30. Kd2 d3 31. Bd1 Kc5 32. Kc3 Kd5 33. g4 Ke6 34. g5 Kf7 35. h4 Kg6 36. h5+ Kg7 37. Bb3 h6 38. g6 Kf6 39. Bc4 Kg7 40. Bxd3 Kf6 41. Bxe4 fxe4 42. Kd4 e3 43. Kxe3 a4 44. Kd4 Kg7 45. Kc4 Kf6 46. Kb4 Kg7 47. Kxa4 Kf6 48. f5 Kg7 49. Kb4 Kf6 50. a4 Kg7 51. a5 Kf8 52. f6 Kg8 53. a6 Kf8 54. a7 Ke8 55. a8Q+ Kd7 56. Qa6 Kd8 57. Qa7 Ke8 58. Qe7# 1-0

[Event "Niedersachsen-chT U16"]
[Site "Verden"]
[Date "2002.06.17"]
[Round "6.2"]
[White "Albers, Michael"]
[Black "Kahl, Jan Malte"]
[Result "1-0"]
[WhiteElo "1576"]
[BlackElo "910"]
[PlyCount "41"]
[EventDate "2002.06.15"]
[EventType "team"]
[EventRounds "7"]
[EventCountry "GER"]
[SourceTitle "EXT 2003"]
[Source "ChessBase"]
[SourceDate "2002.11.25"]
[SourceVersion "1"]
[SourceVersionDate "2002.11.25"]
[SourceQuality "1"]

1. e4 e5 2. Nf3 Nc6 3. Bc4 Be7 4. d4 d6 5. Nc3 exd4 6. Nxd4 Nf6 7. Nxc6 bxc6 8. 0-0 0-0 9. Re1 Bb7 10. Bg5 Qd7 11. e5 Qf5 12. exf6 Bxf6 13. Bxf6 Qxf6 14. Qf3 Qxf3 15. gxf3 c5 16. Kg2 c6 17. Re7 Rab8 18. Rae1 d5 19. Bf1 d4 20. Ne4 Rfe8 21. Nxc5 1-0

[Event "Niedersachsen-chT U16"]
[Site "Verden"]
[Date "2002.06.15"]
[Round "2.2"]
[White "Abel, Dennes"]
[Black "Albers, Michael"]
[Result "1/2-1/2"]
[WhiteElo "1836"]
[BlackElo "1576"]
[PlyCount "60"]
[EventDate "2002.06.15"]
[EventType "team"]
[EventRounds "7"]
[EventCountry "GER"]
[SourceTitle "EXT 2003"]
[Source "ChessBase"]
[SourceDate "2002.11.25"]
[SourceVersion "1"]
[SourceVersionDate "2002.11.25"]
[SourceQuality "1"]

1. d4 d5 2. c4 e6 3. Nc3 Nf6 4. Bg5 Be7 5. Nf3 h6 6. Bh4 b6 7. e3 Bb7 8. Rc1 Nbd7 9. cxd5 Nxd5 10. Bxe7 Nxe7 11. Bd3 Rc8 12. 0-0 0-0 13. Qe2 c5 14. Nb5 Nc6 15. Nd6 Rb8 16. Nxb7 Rxb7 17. Bb1 Ne7 18. Rfd1 Qb8 19. dxc5 Nxc5 20. b4 Nd7 21. Nd4 Rc7 22. Rxc7 Qxc7 23. Nb5 Qb7 24. Nd6 Qc7 25. Nb5 Qb7 26. Qc2 Nf6 27. Nd6 Qc6 28. Qxc6 Nxc6 29. b5 Ne7 30. e4 Rd8 1/2-1/2